000 00717nam a22002057a 4500
005 20241108085350.0
008 241108t ||||| |||| 00| 0 spa d
020 _a9788413406435
040 _aCO-BoUCM
_cDavid Moreno
_dDavid Moreno
041 _aspa
245 1 0 _aTrata de seres humanos
_binmoralidad e injusticia
_cPedro Luis Blasco
260 _aZaragoza
_bPrensas de la Universidad de Zaragoza
_c2023
300 _a288 Páginas
650 1 4 _aTrata de personas
_925806
650 1 4 _aDelitos contra la persona
_912579
650 1 4 _aCrímenes contra la humanidad
_912143
700 1 _aBlasco, Pedro Luis
_edirector
_9183738
942 _2DEWEY
_a8
_cLIBRO
_e1
_h364
_mB644t
_n0
999 _c325006
_d325006